Osobitosti politického a ekonomického vývoja Kostariky
Kostarika prešla politickým a ekonomickým vývojom, ktorý možno v kontexte geopolitických súvislostí a regionálnych špecifík označiť za osobitý. Politický vývoj krajiny, ktorý častokrát ovplyvňoval aj ekonomickú situáciu a nastavil modely, na ktoré nadviazal aj celý neskorší ekonomický komplex v obdo...
Guardado en:
| Autor principal: | |
|---|---|
| Formato: | Capítulo de libro |
| Lenguaje: | eslovaco |
| Materias: | |
| Etiquetas: |
Sin Etiquetas, Sea el primero en etiquetar este registro!
|
MARC
| LEADER | 00000naa$a2200000$$$4500 | ||
|---|---|---|---|
| 001 | 0279131 | ||
| 005 | 20240502074331.8 | ||
| 041 | 0 | |a slo | |
| 044 | |a SK | ||
| 245 | 1 | 0 | |a Osobitosti politického a ekonomického vývoja Kostariky |c Marek Pocklan |
| 520 | |a Kostarika prešla politickým a ekonomickým vývojom, ktorý možno v kontexte geopolitických súvislostí a regionálnych špecifík označiť za osobitý. Politický vývoj krajiny, ktorý častokrát ovplyvňoval aj ekonomickú situáciu a nastavil modely, na ktoré nadviazal aj celý neskorší ekonomický komplex v období bipolarity. Kostarika sa dokázala preorientovať z prevažne agrárnej krajiny na krajinu, ktorú môžeme označiť za stredoamerický inovačný hub, keďže na rozdiel od ostatných tzv. banánových republík s neustálou politickou nestabilitou si Kostarika dokázala zabezpečiť okrem kontinuálneho vývoja aj produkciu a transfer technológií s vyššou pridanou hodnotou. | ||
| 610 | 2 | 0 | |a Kostarika |
| 610 | 2 | 0 | |a poľnohospodárstvo |
| 610 | 2 | 0 | |a vývoj politický |
| 610 | 2 | 0 | |a vývoj hospodársky |
| 100 | 1 | |a Pocklan, Marek, 1995- | |